Statistics for Romanized Words in Languages With Different Alphabets

Click here to take the quiz!

General Stats

  • This quiz has been taken 5 times
  • The average score is 5 of 34

Answer Stats

HintAnswer% Correct
Dóste mou elefthería í dóste mou thánato .Greek
67%
gebn mir liberti oder gebn mir toyt.Yiddish
67%
Dajcie mnie voliu abo dajcie mnie smierć.Belarusian
33%
Daĭ mi svoboda ili mi smŭrt.Bulgarian
33%
mujhe mukti den ya maut den.Hindi
33%
Watashi ni jiyū o ataeru ka, matawa watashi ni shi o ataemasu.Japanese
33%
mağan bostandıq beriñiz nemese mağan ölim beredi.Kazakh
33%
na-ege jayuga animyeon jug-eum-eul jegonghabnida.Korean
33%
Maga erkindik je ölüm bergile .Kyrgyz
33%
Daj mi mi dade sloboda ili smrt.Macedonian
33%
Nadad erkh chölöö ög , esvel nadad ükhliig ögch baina.Mongolian
33%
Day mne svobodu ili ubey menya.Russian
33%
Daj mi slobodu ili mi dajte smrt .Serbian
33%
le'inē ārineti inidīset'u weyimi le'inē motini yiset'alu.Amharic
0%
'aetani alhurriat 'aw 'aetan almawt.Arabic
0%
Tvek' indz azatut'yun kam tal indz mah.Armenian
0%
Āmākē sbādhīnatā na'ilē mr̥tyu dina.Bengali
0%
ngarko lwhaat hkyinn aahkwng ko payyparlot shoetmahote ngarko a sayhkan payypar .Burmese
0%
Gěi wǒ zìyóu, wúnìng sǐ.Chinese
0%
momets’i t’avisup’leba an momets’i sikvdili.Georgian
0%
Mārā libarṭī āpō athavā manē mr̥tyu āpē chē.Gujarati
0%
Nanna svātantrya nīḍi athavā nanage sāvina nīḍuttade.Kannada
0%
saum aoy khnhom seripheap ryy kar phtal aoy slab khnhom .Khmer
0%
haikhaphachao penidsara ru haikhaphachao kansiasividLao
0%
enne svātantryaṁ tarika alleṅkil enne marippikkukayuṁ .Malayalam
0%
Malā svātantrya dyā kinvā malā maraṇa dyā.Marathi
0%
Malā'ī svatantratā dina vā malā'ī mr̥tyu dinuhōs.Nepali
0%
Mainū āzādī di'ō ja mainū mauta dī dēṇa.Punjabi
0%
maṭa nidahasa denna hō mā miya denna.Sinhala
0%
Ba man ozodī ʙidihed , jo marg ʙa man dod.Tajik
0%
Eṉ urimai koṭuṅkaḷ allatu eṉṉai maraṇam koṭukka.Tamil
0%
Nāku svēccha ivvaṇḍi lēdā nā maraṇaṁ istundi.Telugu
0%
H̄ı̂ c̄hạn s̄erīp̣hāph h̄rụ̄x h̄ı̂ c̄hạn tāyThai
0%
Dayte meni svobodu abo dayte meni smertʹ .Ukrainian
0%

Score Distribution

Percentile by Number Answered

Percent of People with Each Score

Your Score History

You have not taken this quiz